000 00689nam a22002057a 4500
003 OSt
005 20221103183804.0
008 150522b xxu||||| |||| 00| 0 eng d
020 _a84-7664-771-9
040 _cBiblioteca Lado V
082 _a750
_bB621c
100 _9307
_aBisbe, Nimfa
_eeditora
245 _aCatalogo/
_bColección de Arte Contemporáneo Fundación "La Caixa"
260 _aBarcelona
_c2002
300 _a349p.
_c24x30cm
_bCONTIENE UN CD
650 _2Tesauro de Arte & Arquitectura
_aARTE CONTEMPORANEO
650 _2Tesauro de Arte & Arquitectura
_aARTE
650 _2Tesauro de Arte & Arquitectura
_aCATALOGO
942 _2ddc
_c1
_h750
_iB621c
_n0
999 _c2497
_d2497